Developing a successful wireless enterprise strategy : (Record no. 33183)

MARC details
000 -LEADER
fixed length control field 00983cam a2200289 a 4500
005 - DATE AND TIME OF LATEST TRANSACTION
control field 20240719112038.0
008 - FIXED-LENGTH DATA ELEMENTS--GENERAL INFORMATION
fixed length control field 020401s2002 nyua b 001 0 eng d
010 ## - LIBRARY OF CONGRESS CONTROL NUMBER
LC control number 2002277719
015 ## - NATIONAL BIBLIOGRAPHY NUMBER
National bibliography number GBA1-U7132
020 ## - INTERNATIONAL STANDARD BOOK NUMBER
ISBN 0471150339
035 ## - SYSTEM CONTROL NUMBER
System control number (OCoLC)ocm48417592
040 ## - CATALOGING SOURCE
Original cataloging agency UKM
Transcribing agency UKM
Modifying agency KLG
-- IXA
-- DLC
042 ## - AUTHENTICATION CODE
Authentication code lccopycat
082 ## - DEWEY DECIMAL CLASSIFICATION NUMBER
Classification number 004.89
Item number SBI-D
100 1# - MAIN ENTRY--AUTHOR
Author Name Sbihli, Scott.
245 10 - TITLE STATEMENT
Title Developing a successful wireless enterprise strategy :
Remainder of title a manager's guide /
Statement of responsibility, etc. Scott Sbihli.
260 ## - PUBLICATION, DISTRIBUTION, ETC.
Place of Publication New York :
Name of publisher, distributor, etc. Wiley,
Date of publication, distribution, etc. c2002.
300 ## - PHYSICAL DESCRIPTION
Pages xxi, 329 p. :
500 ## - GENERAL NOTE
General note Include index.
504 ## - BIBLIOGRAPHY, ETC. NOTE
Bibliography, etc. note Includes bibliographical references (p. 307-320) and index.
650 #0 - SUBJECT ADDED ENTRY--TOPICAL TERM
Subject / Department Wireless communication systems.
650 #0 - SUBJECT ADDED ENTRY--TOPICAL TERM
Subject / Department Wireless LANs.
650 #0 - SUBJECT ADDED ENTRY--TOPICAL TERM
Subject / Department Business enterprises
General subdivision Computer networks.
300 ## - PHYSICAL DESCRIPTION
-- ill. ;
-- 24 cm.
906 ## - LOCAL DATA ELEMENT F, LDF (RLIN)
a 7
b cbc
c copycat
d 2
e ncip
f 20
g y-gencatlg
952 ## - LOCATION AND ITEM INFORMATION (KOHA)
-- 0
-- 0
Holdings
Lost status Damaged status Collection code Permanent Location Current Location Shelving Location Date acquired Full Call Number Accession No./Barcode Date last seen item type Koha item type
    CS/IT Superior Information Resource Center (SIRC) Superior University- Gold Campus Superior Information Resource Center (SIRC) Superior University- Gold Campus Networking 08/02/2023 004.89 SBI-D 2002 19551 08/02/2023 BOOK BOOK

Powered by Koha